Traité des sciences pédagogiques : (Record no. 57199)

MARC details
000 -CABECERA
campo de control de longitud fija 00510nam a2200169 a 4500
005 - FECHA Y HORA DE LA ÚLTIMA TRANSACCIÓN
campo de control 20240425063925.0
008 - ELEMENTOS DE LONGITUD FIJA--INFORMACIÓN GENERAL
campo de control de longitud fija 991125s1969 fr 000 0 fre u
035 ## - NÚMERO DE CONTROL DEL SISTEMA
Número de control de sistema UPN01000057199
049 ## - COLECCIÓN
Colección CG
050 #4 - SIGNATURA TOPOGRÁFICA DE LA BIBLIOTECA DEL CONGRESO
Número de clasificación LB1025.2
Número de documento/Ítem T7.3
245 00 - MENCIÓN DE TÍTULO
Título Traité des sciences pédagogiques :
Resto del título 1 : introduction /
Mención de responsabilidad, etc. publié Maurice Debesse.
260 ## - PUBLICACIÓN, DISTRIBUCIÓN, ETC.
Lugar de publicación, distribución, etc. Paris :
Nombre del editor, distribuidor, etc. Universitaires de France,
Fecha de publicación, distribución, etc. 1969.
300 ## - DESCRIPCIÓN FÍSICA
Extensión 206 p.
650 #4 - ASIENTO SECUNDARIO DE MATERIA - TERMINO TEMATICO
Término de materia o nombre geográfico como elemento de entrada Enseñanza
9 (RLIN) 6215
700 1# - ASIENTO SECUNDARIO--NOMBRE DE PERSONAL
Nombre de persona Debesse, Maurice,
Fechas asociadas al nombre 1903-1998
Término indicativo de función/relación ed.
9 (RLIN) 33826
905 ## - TIPO DE MATERIAL
Tipo de material Libro
Holdings
Estado de retiro Estado de pérdida Fuente del sistema de clasificación o colocación Estado dañado No para préstamo Código de colección Localización permanente Ubicación/localización actual Ubicación en estantería Total de préstamos Clasificación Código de barras Fecha visto por última vez Número de copia Tipo de ítem Koha
    Library of Congress Classification     Colección General Bib. Gregorio Torres Quintero Bib. Gregorio Torres Quintero Planta baja 1 LB1025.2 T7.3 630 31/12/2020 1 Libro